| 000 | 01087nam2a2200277 4500 | ||
|---|---|---|---|
| 001 | RU\NLR\bibl\1190686 | ||
| 005 | 20250615095217.0 | ||
| 010 |
_a978-5-275-01477-8 _bТ. 1 |
||
| 010 | _a978-5-275-01476-1 | ||
| 021 |
_aRU _b2007-93106 _95028 |
||
| 035 | _a(NLR Aleph) 001177240 | ||
| 090 |
_a1634748 _c1634748 |
||
| 100 | _a20080220d2007 |||y0rusy50 ca | ||
| 101 | 1 |
_arus _cger |
|
| 102 | _aRU | ||
| 105 | _aa ||||||||| | ||
| 200 | 1 | _aМлекопитающие | |
| 215 |
_a524, XIII с. _cил. |
||
| 461 | 0 |
_1001RU\NLR\bibl\1223087 _12001#$aЖизнь животных$vТ. 1 _968635 _aБрем, А. Э. (1829-1884) _cМосква _d2007 _fА.Э. Брэм _nТерра-Книжный клуб _oобработано для юношества по последнему немецкому изданию : в 3 т. _tЖизнь животных _vТ. 1 |
|
| 606 | 1 |
_aМлекопитающие _xЭкология _91468952 _3RU\NLR\auth\66314629 |
|
| 686 | _aЕ681.925 | ||
| 801 | 0 |
_aRU _bNLR _c20080220 _gRCR |
|
| 801 | 1 |
_aRU _bNLR _c20080220 |
|
| 942 | _cBOOK | ||
| 980 | _aNB | ||